|
|
|
|
| LEADER |
00000nam0a2200000 4500 |
| 001 |
254687 |
| 005 |
20231101232946.0 |
| 035 |
|
|
|a (RuTPU)RU\TPU\book\277175
|
| 090 |
|
|
|a 254687
|
| 100 |
|
|
|a 20140324d1989 m y0rusy50 ca
|
| 101 |
0 |
|
|a rus
|
| 102 |
|
|
|a RU
|
| 105 |
|
|
|a a j 001zy
|
| 200 |
1 |
|
|a Электромагнетизм. Оптика. Атомная и ядерная физика
|e учебное пособие
|f Московский авиационный институт (МАИ) ; под ред. Ю. В. Тарлакова
|
| 210 |
|
|
|a Москва
|c Изд-во МАИ
|d 1989
|
| 215 |
|
|
|a 96 с.
|c ил.
|
| 225 |
1 |
|
|a Учебное пособие
|
| 320 |
|
|
|a Библиогр.: с. 94.
|
| 606 |
1 |
|
|a Электромагнетизм
|2 stltpush
|3 (RuTPU)RU\TPU\subj\20150
|9 45271
|
| 606 |
1 |
|
|a Оптика
|2 stltpush
|3 (RuTPU)RU\TPU\subj\67665
|9 83386
|
| 606 |
1 |
|
|a Ядерная, атомная, молекулярная физика
|2 stltpush
|3 (RuTPU)RU\TPU\subj\68877
|9 83976
|
| 610 |
1 |
|
|a физические понятия
|
| 610 |
1 |
|
|a определения
|
| 610 |
1 |
|
|a магнитное поле
|
| 610 |
1 |
|
|a электромагнитные волны
|
| 610 |
1 |
|
|a электромагнитная индукция
|
| 610 |
1 |
|
|a самоиндукция
|
| 610 |
1 |
|
|a волновая оптика
|
| 610 |
1 |
|
|a квантовая оптика
|
| 610 |
1 |
|
|a квантовая механика
|
| 610 |
1 |
|
|a постулаты Бора
|
| 610 |
1 |
|
|a квантовые числа
|
| 610 |
1 |
|
|a атом водорода
|
| 610 |
1 |
|
|a спин электрона
|
| 610 |
1 |
|
|a многоэлектронные атомы
|
| 610 |
1 |
|
|a принцип Паули
|
| 610 |
1 |
|
|a радиоактивность
|
| 610 |
1 |
|
|a учебные пособия
|
| 675 |
|
|
|a 537.812(075.8)
|v 3
|
| 675 |
|
|
|a 535(075.8)
|v 3
|
| 675 |
|
|
|a 539.1(075.8)
|v 3
|
| 702 |
|
1 |
|a Тарлаков
|b Ю. В.
|g Юрий Васильевич
|4 340
|
| 712 |
0 |
2 |
|a Московский авиационный институт (МАИ)
|c Национальный исследовательский университет
|2 stltpush
|3 (RuTPU)RU\TPU\col\3642
|
| 801 |
|
1 |
|a RU
|b 63413507
|c 20140324
|
| 801 |
|
2 |
|a RU
|b 63413507
|c 20140415
|g RCR
|
| 942 |
|
|
|c BK
|